Imobilizácia CrVI v kremičitanových matriciach : Obh. 25.5.1998 /

Uložené v:
Podrobná bibliografia
Hlavný autor: Habláková, Katarína (Autor)
Médium: Rukopis Kniha
Jazyk:Slovak
Vydavateľské údaje: Bratislava : STU v Bratislave ChtF, 1998
Tagy: Pridať tag
Žiadne tagy, Buďte prvý, kto otaguje tento záznam!

MARC

LEADER 00000ntm a22000003a 4500
001 stu33904
005 20150617225733.5
008 980916s1998----xo------------------slo-d
040 |a STU  |b slo 
041 0 |a slo 
044 |a xo 
100 1 |a Habláková, Katarína  |4 aut 
245 1 |a Imobilizácia CrVI v kremičitanových matriciach :  |b Obh. 25.5.1998 /  |c [aut.]Habláková,Katarína 
260 |a Bratislava :  |b STU v Bratislave ChtF,  |c 1998 
300 |a 51 s :  |b Tab.,grafy,lit 
500 |a Zameranie: Keramika,sklo a cement 
996 |b CD12658  |c C*D12658  |l CCI  |s A  |a 24  |w stu33904_0001